Management principles and application/ (Record no. 11088)

MARC details
000 -LEADER
fixed length control field 00560nam a22002057a 4500
005 - DATE AND TIME OF LATEST TRANSACTION
control field 20201125151618.0
008 - FIXED-LENGTH DATA ELEMENTS--GENERAL INFORMATION
fixed length control field 201125b ||||| |||| 00| 0 eng d
020 ## - INTERNATIONAL STANDARD BOOK NUMBER
International Standard Book Number 9789389865288
040 ## - CATALOGING SOURCE
Original cataloging agency IN-DiNC
Transcribing agency IN-DiNC
041 ## - LANGUAGE CODE
Language code of sung or spoken text English
082 ## - DEWEY DECIMAL CLASSIFICATION NUMBER
Classification number 658
Item number BOR
100 ## - MAIN ENTRY--PERSONAL NAME
Personal name Bora, Chaitanya
Relator term Author
245 ## - TITLE STATEMENT
Title Management principles and application/
Statement of responsibility, etc. by Chaitanya Gogoi and Rahul Kumar Das
250 ## - EDITION STATEMENT
Edition statement 1st ed.
260 ## - PUBLICATION, DISTRIBUTION, ETC.
Place of publication, distribution, etc. Dibrugarh:
Name of publisher, distributor, etc. Banalata,
Date of publication, distribution, etc. 2020
300 ## - PHYSICAL DESCRIPTION
Extent 288p.
650 ## - SUBJECT ADDED ENTRY--TOPICAL TERM
Topical term or geographic name entry element Commerce
700 ## - ADDED ENTRY--PERSONAL NAME
Personal name Das, Rahul Kumar
Relator term Author
942 ## - ADDED ENTRY ELEMENTS (KOHA)
Source of classification or shelving scheme Dewey Decimal Classification
Koha item type Books
Holdings
Withdrawn status Lost status Source of classification or shelving scheme Damaged status Not for loan Collection code Home library Current library Shelving location Date acquired Cost, normal purchase price Total Checkouts Full call number Barcode Date last seen Date last checked out Copy number Price effective from Koha item type
    Dewey Decimal Classification     Commerce Central Library, Naharkatiya College Central Library, Naharkatiya College General Stacks 25/11/2020 290.00 11 658 BOR 28530 12/12/2022 07/12/2022 1 25/11/2020 Books
    Dewey Decimal Classification     Commerce Central Library, Naharkatiya College Central Library, Naharkatiya College General Stacks 25/11/2020 290.00 11 658 BOR 28531 28/03/2024 01/12/2023 2 25/11/2020 Books
    Dewey Decimal Classification     Commerce Central Library, Naharkatiya College Central Library, Naharkatiya College General Stacks 25/11/2020 290.00 10 658 BOR 28532 25/08/2023 18/08/2023 3 25/11/2020 Books

Naharkatiya College © 2020. All rights reserved.

Powered By